Britannica book of the year 1974
Gardado en:
| Formato: | Libro |
|---|---|
| Idioma: | Undetermined |
| Publicado: |
Chicago
Helen Hemingway Benton
1974
|
| Những chủ đề: | |
| Các nhãn: |
Engadir etiqueta
Sen Etiquetas, Sexa o primeiro en etiquetar este rexistro!
|
| Thư viện lưu trữ: | Trung tâm Học liệu Trường Đại học Cần Thơ |
|---|
| LEADER | 00499nam a2200157Ia 4500 | ||
|---|---|---|---|
| 001 | CTU_104662 | ||
| 008 | 210402s9999 xx 000 0 und d | ||
| 082 | |a 032 | ||
| 082 | |b B862/1974 | ||
| 245 | 0 | |a Britannica book of the year 1974 | |
| 260 | |a Chicago | ||
| 260 | |b Helen Hemingway Benton | ||
| 260 | |c 1974 | ||
| 650 | |a Encyclopedias,Dictionaries,Yearbooks,Bách khoa toàn thư,Từ điển,Niên giám | ||
| 910 | |a Vương | ||
| 980 | |a Trung tâm Học liệu Trường Đại học Cần Thơ | ||